| 000 | 01888 a2200253 4500 | ||
|---|---|---|---|
| 001 | 54539 | ||
| 005 | 20260407155818.0 | ||
| 008 | 260407a1972 arg spa d | ||
| 003 | AR-UNSa-BCEJYS | ||
| 040 |
_aAR-UNSa-BCEJYS _bspa _cAR-UNSa-BCEJYS |
||
| 080 |
_a330.1 _xCiencia económica. Conceptos fundamentales de teoría económica. Valor. Capital. Fondos |
||
| 245 | 1 | 0 | _aIntroducción a la dinámica económica |
| 250 | _a2a. ed. | ||
| 264 | 1 |
_aBarcelona : _bMarcombo _c1972 |
|
| 300 |
_a502 p. _c22 cm. |
||
| 505 | _aI. Introducción - Parte I: La dinámica magna - II. La dinámica clásica - III. La dinámica de Marx y de Schumpeter - IV. El modelo de Harrod - Parte II: La estática que implica tiempo - V. El equilibrio de la empresa - VI. La flexibilidad de los precios y el equilibrio de la economía - VII. La dinámica,la estática comparativa y la estabilidad del equilibrio estático - Parte III: Análisis del proceso - VIII. El análisis por períodos - Parte IV: Modelos de una sola ecuación - IX. Ecuaciones de diferencias de primer orden - X. Ecuaciones de diferencias de orden superior - XI. Interpretación de los modelos de ecuaciones de diferencias - XII. El cálculo en los sistemas de orden superior - XIII. Modelos con ecuaciones de diferencias no lineales de primer orden - XIV. Sistemas simples de ecuaciones diferenciales - Parte V: Modelos de ecuaciones simultáneas - XV. Sistemas simultáneos y operadores sencillos - XVI. Los sistemas lineales simultáneos: Métodos matriciales - Parte VI: Modelos de crecimiento más recientes - XVII. Algunos modelos de crecimiento recientes - XVIII. Dos modelos con implicaciones políticas | ||
| 041 | _aspa | ||
| 942 | _cBK | ||
| 590 | _aniveau_biblio:m niveau_hierar:0 | ||
| 100 | 1 | _aBaumol, William J. | |
| 700 | 1 | _aTurvey, Ralph | |
| 700 | 1 | _aGrifoll Guasch, José | |
| 700 | 1 | _aRiverola García, José | |
| 999 |
_c5619 _d5619 |
||